<?xml version="1.0" encoding="UTF-8"?>
<record
    xmlns:xsi="http://www.w3.org/2001/XMLSchema-instance"
    xsi:schemaLocation="http://www.loc.gov/MARC21/slim http://www.loc.gov/standards/marcxml/schema/MARC21slim.xsd"
    xmlns="http://www.loc.gov/MARC21/slim">

  <leader>00401nam a22001217a 4500</leader>
  <datafield tag="082" ind1=" " ind2=" ">
    <subfield code="a">541.393 DIA</subfield>
  </datafield>
  <datafield tag="100" ind1=" " ind2=" ">
    <subfield code="a">Dias,Merita Nirmali</subfield>
    <subfield code="9">215</subfield>
  </datafield>
  <datafield tag="245" ind1=" " ind2=" ">
    <subfield code="a">Isolation and Characterisation of 15x,22&#x3B2; -Dihydroxytingenone,A Biogenetically Significant Quinone-Methide Triterpenoid from cassine balae(Celastraceae)</subfield>
  </datafield>
  <datafield tag="260" ind1=" " ind2=" ">
    <subfield code="a">Colombo</subfield>
    <subfield code="b">Ichemc</subfield>
    <subfield code="c">1989</subfield>
  </datafield>
  <datafield tag="300" ind1=" " ind2=" ">
    <subfield code="a">28</subfield>
  </datafield>
  <datafield tag="650" ind1=" " ind2=" ">
    <subfield code="a">biogenetic</subfield>
    <subfield code="9">216</subfield>
  </datafield>
  <datafield tag="942" ind1=" " ind2=" ">
    <subfield code="c">DES</subfield>
  </datafield>
  <datafield tag="999" ind1=" " ind2=" ">
    <subfield code="c">3006</subfield>
    <subfield code="d">3006</subfield>
  </datafield>
  <datafield tag="952" ind1=" " ind2=" ">
    <subfield code="0">0</subfield>
    <subfield code="1">0</subfield>
    <subfield code="7">0</subfield>
    <subfield code="8">NFIC</subfield>
    <subfield code="a">IC</subfield>
    <subfield code="b">IC</subfield>
    <subfield code="c">GEN</subfield>
    <subfield code="d">2016-01-17</subfield>
    <subfield code="l">0</subfield>
    <subfield code="o">541.393 DIA</subfield>
    <subfield code="p">D0005</subfield>
    <subfield code="r">2016-01-17 00:00:00</subfield>
    <subfield code="w">2016-01-17</subfield>
    <subfield code="y">DIS</subfield>
  </datafield>
  <datafield tag="952" ind1=" " ind2=" ">
    <subfield code="0">0</subfield>
    <subfield code="1">0</subfield>
    <subfield code="7">0</subfield>
    <subfield code="a">IC</subfield>
    <subfield code="b">IC</subfield>
    <subfield code="d">2023-11-04</subfield>
    <subfield code="l">0</subfield>
    <subfield code="o">541.393 DIA</subfield>
    <subfield code="p">D0007</subfield>
    <subfield code="r">2023-11-04 14:59:24</subfield>
    <subfield code="w">2023-11-04</subfield>
    <subfield code="y">DIS</subfield>
  </datafield>
</record>
